000 00709nam a2200181 a 4500
003 0
005 20250619093400.0
008 021125s19uu xx 00 eng d
050 _aPHS LB 2350.5
_b.Y85 2000
100 _aYuki, Ken Diaz.
245 _aPreparedness for college as perceived by senior high school students of Southville International School, sy 1999-2000 /
_cKen Diaz Yuki.
260 _aLas PiƱas City, Philippines :
_bSouthville International School and Colleges,
_c2000.
300 _a30 pages :
_billustrations ;
_c28 cm.
650 _aCollege preparation
_zPhilippines.
650 _aReadiness for college
_zPhilippines.
650 _aReadiness for college
_zPhilippines.
942 _2lcc
_cPASS
999 _c96433
_d96433